01260nam a2200205 a 4500008004100000020001800041041000800059092001700067100002900084245004900113250004000162260004000202300002200242500009000264505045000354655002100804942001300825999001500838952020100853171103e2015 ag ||||g |||| 00| 1 spa d a9789500750509 aspa c808l14sCUR1 aCurbelo, Cecilia. 94335 3aLa confesión de Micaela /cCecilia Curbelo a1a ed.bIlustrado por Agustina Boni aBuenos Aires:bSudamericana;c2015. a304 p.c15x22 cm. aCurbelo, C. (2015). La confesión de Micaela. (1a ed.). Buenos Aires : Sudamericana. aMicaela abre su Twitter y se encuentra con una palabra que la destruye: TRAIDORA. Lo peor es que esa acusación proviene de su mejor amiga. Constanza. A partir de ese momento, Mica intenta recomponer la historia que la llevó a actuar como actuó. En ese camino de recuerdos y pensamientos, de luchas y confesiones, saldrán a la luz secretos muy dolorosos. ¿Qué hará al final? ¡Su destino depende de lo que tú decidas que ella haga! aLiteratura92917 2ddccLIT c3288d3288 00102ddc4070aBFMbBFMcCRd2025-07-25eDonación Navarro, Adriana. Julio 2025l0o808 14 CURp5063r2025-07-25tEj. 1w2025-07-25yLITzDonación Navarro, Adriana. Julio 2025. Sede Tordos.f